Text book of railway engineering (Record no. 187211)

000 -LEADER
fixed length control field 00373nam a2200133Ia 4500
008 - FIXED-LENGTH DATA ELEMENTS--GENERAL INFORMATION
fixed length control field 220217s9999||||xx |||||||||||||| ||und||
020 ## - INTERNATIONAL STANDARD BOOK NUMBER
International Standard Book Number 9788189928834
082 ## - DEWEY DECIMAL CLASSIFICATION NUMBER
Classification number 625.1 SAX
100 ## - MAIN ENTRY--PERSONAL NAME
Personal name Saxena S.C and Arora S.P
245 #0 - TITLE STATEMENT
Title Text book of railway engineering
250 ## - EDITION STATEMENT
Edition statement 7th
260 ## - PUBLICATION, DISTRIBUTION, ETC.
Place of publication, distribution, etc. Dhanapathrai publishing
Name of publisher, distributor, etc. New Delhi
Date of publication, distribution, etc. 20013
300 ## - PHYSICAL DESCRIPTION
Extent XII, 661p.
Other physical details 410
Holdings
Withdrawn status Lost status Damaged status Not for loan Collection code Home library Current library Date acquired Total Checkouts Full call number Barcode Date last seen Date last checked out Price effective from Koha item type
        Civil Engineering Central Library Central Library 02/18/2022 3 625.1 SAX 22400 08/07/2023 07/12/2023 02/18/2022 Books

Powered by Koha